Acuerdo de asociación política, comercial y de cooperación entre Chile y la Unión europea: marco jurídico
Gespeichert in:
| Format: | Buch |
|---|---|
| Sprache: | Spanisch |
| Veröffentlicht: |
Santiago
LexisNexis
2002
|
| Schlagworte: | |
| Tags: |
Tag hinzufügen
Keine Tags, Fügen Sie den ersten Tag hinzu!
|
MARC
| LEADER | 00000nam a2200000 a 4500 | ||
|---|---|---|---|
| 001 | UCM9110 | ||
| 003 | CL-VaPUC | ||
| 008 | 030411e20020000CL |||||||||||||||||spa|d | ||
| 020 | |a 9562383628 | ||
| 020 | |a 9562383636v.1 | ||
| 020 | |a 9562383644v.2 | ||
| 082 | 0 | 4 | |a 341.37 |b ACU |2 21 |
| 245 | 1 | 0 | |a Acuerdo de asociación política, comercial y de cooperación entre Chile y la Unión europea: marco jurídico |
| 300 | |a v | ||
| 942 | |c BK | ||
| 945 | |d 20030411 00:00:00 |a cmena | ||
| 260 | |a Santiago |b LexisNexis |c 2002 | ||
| 600 | 0 | 7 | |a UNION EUROPEA |2 CL-VaPUC |9 320734 |
| 650 | 7 | |a TRATADOS COMERCIALES |2 CL-VaPUC |9 475508 | |
| 650 | 0 | |a Relaciones Internacionales |9 255740 | |
| 650 | 0 | |a Tratados internacionales |9 256056 | |
| 650 | 0 | |a Cooperación internacional |9 255447 | |
| 651 | 7 | |a CHILE |2 CL-VaPUC |9 475509 | |
| 583 | |a last modification |c 20030411 00:00:00 |k Rodrigo Vera | ||
| 999 | |c 303487 |d 303485 | ||
| 952 | |0 0 |1 0 |4 0 |6 341_370000000000000_ACU_2002 |7 0 |8 A |9 364828 |a BIBDER |b BIBDER |d 2019-11-21 |h v.1 |i 3892190 |o 341.37 ACU 2002 |p 3892190 |r 2023-01-25 |w 2019-11-21 |y BK |k DER | ||
| 952 | |0 0 |1 0 |4 0 |6 341_370000000000000_ACU_2002 |7 0 |8 A |9 364830 |a BIBDER |b BIBDER |d 2019-11-21 |h v.1 |i 4147383 |o 341.37 ACU 2002 |p 4147383 |r 2019-11-21 |w 2019-11-21 |y BK |k DER | ||
| 952 | |0 0 |1 0 |4 0 |6 341_370000000000000_ACU_2002 |7 0 |8 A |9 364831 |a BIBDER |b BIBDER |d 2019-11-21 |h v.2 |i 4147391 |o 341.37 ACU 2002 |p 4147391 |r 2023-01-25 |w 2019-11-21 |y BK |k DER | ||